000 00996cam a2200193 4500
001 X110863
008 000000n2000 000 0 eng u
035 _a(Sirsi) u110863
245 _aAdverse possession: acknowledgement of title
260 _c2000
490 _aEstates Gazette Case Summaries
_v[2000] EGCS 148 (16/12/2000)
520 _a"Archangel v Lambeth LBC", CA 1 December 2000. Limitation Act 1980 S29 - Squatter defending claim for possession of council-owned house - squatter relying on 14 years' adverse possession - council claiming that title acknowledged by letter written six years before issue of proceedings - whether house sufficiently identified by letter - whether extrinsic evidence admissible for purpose of identification. TAKEN FROM JOURNAL HEADNOTE.
650 _aADVERSE POSSESSION
650 _aARCHANGEL V LAMBETH LBC
650 _aLIMITATION ACT 1980 S29
650 _aACKNOWLEDGEMENT OF TITLE
690 _aPROPERTY AND LAND LAW-CASE LAW
942 _n0
999 _c66091
_d66091